EDM MUSIC - Statistics

General Stats
  • This quiz has been taken 7 times
  • The average score is 18 of 100
Answer Stats
NO GENRE DJ % Correct
21 trance armin van buuren
80%
78 trap dj snake
60%
69 trap jack u
60%
6 house martin garrix
60%
51 dubstep and melodic skrillex
60%
83 house tiesto
60%
9 house alan walker
40%
13 house alesso
40%
89 house daft punk
40%
25 trance dash berlin
40%
18 house Gigi D'Agostino
40%
86 trance gigi d'agostino
40%
4 house hardwell
40%
5 house kygo
40%
81 house mako
40%
70 trap marshmello
40%
12 house swedish house mafia
40%
90 house thefatrat
40%
8 house tobu
40%
80 house vicetone
40%
82 house angger dimas
20%
34 hardstyle atmozfears
20%
1 house avicii
20%
64 dubstep and melodic borgore
20%
17 house calvin harris
20%
7 house cash cash
20%
77 house culture code
20%
31 hardstyle da tweekaz
20%
36 hardstyle d block s te fan
20%
93 trance deadmau5
20%
88 house dillion francis
20%
11 house edward maya
20%
100 house elektronomia
20%
23 trance emma hewitt
20%
58 dubstep and melodic excision
20%
91 dnb feint
20%
32 hardstyle headhunterz
20%
53 dubstep and melodic illenium
20%
56 dubstep and melodic knife party
20%
10 house kshmr
20%
46 hardstyle mandy
20%
62 dubstep and melodic mardial
20%
87 house mike perry
20%
75 house mike williams
20%
92 dnb netsky
20%
14 house nicky romero
20%
65 dubstep and melodic noisia
20%
27 trance paul van dyk
20%
73 house r3hab
20%
40 hardstyle ran d
20%
26 trance robert miles
20%
59 dubstep and melodic rusko
20%
54 dubstep and melodic seven lions
20%
37 hardstyle sound rush
20%
35 hardstyle sub zero project
20%
76 house syn cole
20%
2 house wildvibes
20%
3 house winarta
20%
85 house w w
20%
55 dubstep and melodic x kore
20%
67 trap yellow claw
20%
15 house zedd
20%
61 dubstep and melodic zomboy
20%
28 trance above beyond
0%
68 trap aero chord
0%
16 house afrojack
0%
29 trance astrix
0%
30 trance atb
0%
24 trance chirstina novelli
0%
42 hardstyle code black
0%
41 hardstyle coone
0%
44 hardstyle darren styles
0%
33 hardstyle devin wild
0%
72 house dubvision
0%
38 hardstyle element d
0%
97 house eminence
0%
20 house fedde le grand
0%
52 dubstep and melodic flux pavilion
0%
39 hardstyle frontliner
0%
22 trance gareth emery
0%
19 house haddaway
0%
96 house hellberg
0%
84 house house
0%
74 house kaaze
0%
63 dubstep and melodic kayzo
0%
43 hardstyle keltek
0%
57 dubstep and melodic kill the noise
0%
47 hardstyle mark with a k
0%
71 house matisse sadko
0%
66 dubstep and melodic nero
0%
95 house nitro fun
0%
98 house pixl
0%
99 house porter robinson
0%
49 hardstyle psyko punkz
0%
48 hardstyle refuzion
0%
50 hardstyle sephyx
0%
94 trance trivecta
0%
79 hardstyle tweekacore
0%
45 hardstyle wasted penguinz
0%
60 dubstep and melodic zead dead
0%
No matching quizzes found
Score Distribution
Percent of People with Each Score
Percentile by Number Answered
Your Score History
You have not taken this quiz